书目信息 |
| 题名: |
传统武术科学教学与多元化发展研究
|
|
| 作者: | 马睿 著 | |
| 分册: | ||
| 出版信息: | 北京 中国水利水电出版社 2022.09 |
|
| 页数: | 293页 | |
| 开本: | 24cm | |
| 丛书名: | ||
| 单 册: | ||
| 中图分类: | G852.02 | |
| 科图分类: | ||
| 主题词: | 武术--wu shu--体育教学--教学研究--中国 | |
| 电子资源: | ||
| ISBN: | 978-7-5170-5289-0 | |
| 000 | 00935nam0 2200253 450 | |
| 001 | 012001000752 | |
| 005 | 20141201171612.0 | |
| 010 | @a978-7-5170-5289-0@dCNY60.00 | |
| 099 | @aCAL 012017116933 | |
| 100 | @a20220905d2017 em y0chiy50 ea | |
| 101 | 0 | @achi |
| 102 | @aCN@b110000 | |
| 105 | @aak a 000yy | |
| 106 | @ar | |
| 200 | 1 | @a传统武术科学教学与多元化发展研究@Achuan tong wu shu ke xue jiao xue yu duo yuan hua fa zhan yan jiu@f马睿著 |
| 210 | @a北京@c中国水利水电出版社@d2022.09 | |
| 215 | @a293页@c图@d24cm | |
| 320 | @a有书目 (第291-293页) | |
| 330 | @a本书共分为九章,内容包括:传统武术教学概述、传统武术教学理论基础研究、传统武术教学创新发展研究、传统武术教学课程体系构建、传统武术基本功与动作教学、传统武术基本功与动作教学等。 | |
| 606 | 0 | @a武术@Awu shu@x体育教学@x教学研究@y中国 |
| 690 | @aG852.02@v4 | |
| 701 | 0 | @a马睿@Ama rui@4著 |
| 801 | 0 | @aCN@bAHXH@c20221111 |
| 905 | @b1369903-7@dG852.02@e567@f5 | |
| 传统武术科学教学与多元化发展研究/马睿著.-北京:中国水利水电出版社,2022.09 |
| 293页:图;24cm |
| ISBN 978-7-5170-5289-0:CNY60.00 |
| 本书共分为九章,内容包括:传统武术教学概述、传统武术教学理论基础研究、传统武术教学创新发展研究、传统武术教学课程体系构建、传统武术基本功与动作教学、传统武术基本功与动作教学等。 |
| ● |
| 相关链接 |
|
|
|
|
正题名:传统武术科学教学与多元化发展研究
索取号:G852.02/567
 
预约/预借
| 序号 | 登录号 | 条形码 | 馆藏地/架位号 | 状态 | 备注 |
| 1 | 1369903 | 213699032 | 第一样本阅览室/ [索取号:G852.02/567] | 在馆 | |
| 2 | 1369904 | 213699041 | 教育系资料室/ [索取号:G852.02/567] | 在馆 | |
| 3 | 1369905 | 213699050 | 教育系资料室/ [索取号:G852.02/567] | 在馆 | |
| 4 | 1369906 | 213699069 | 第四借阅区/ [索取号:G852.02/567] | 在馆 | |
| 5 | 1369907 | 213699078 | 第四借阅区/ [索取号:G852.02/567] | 在馆 |